000 00980cam a22002174a 4500
005 20250605164112.0
008 250528s ||||||||||||||||||||||||d
035 _a17940
020 _a201508265
040 _aGR-AtMCL
_bgre
_dGR-AtMCL
_eAACR2
245 1 _aCases in Strategic Management / Third Edition
250 _a3rd
260 _bAmacom,
_c1990
300 _a688
520 _aAn Industry-oriented casebook containing thirty-one current, comprehensive cases of actual business corporations and industries in the midst of strategic change. Fashion, Information Technology, Brewing, Food, Restaurant and Fast Food, Agribusiness, International Manufacturing and Services, Manufacturing Technology: Systems Houses, Retailing, Personal Transportation, Entertainment, Developing Conceptual Skills: The Case Method and the Strategic Audit.
700 1 _aHunger David J
_93351
700 1 _aWheelen Thomas L
_93352
942 _cBK
999 _c3335
_d3335